| 000 | 00958nam a22003017a 4500 | ||
|---|---|---|---|
| 003 | CHAP | ||
| 005 | 20220329134810.0 | ||
| 008 | 971013s1985 r 00010 d | ||
| 010 | _a26123 | ||
| 011 | _a27095 | ||
| 035 | _a31196 | ||
| 040 | _cCHAP | ||
| 082 |
_a631.44 _bI5 |
||
| 110 |
_aInternational Rice Research Institute _959779 |
||
| 245 |
_aWetland, soils _b: characterization |
||
| 260 |
_aManila : _bThe Institute, _c1985 |
||
| 300 |
_a559 p. _b: ilus. ; gráfs |
||
| 590 |
_aBATCH-UPD _b10 _c20130110 _lUCH01 _h1430 |
||
| 590 |
_aBATCH-UPD _b10 _c20130410 _lUCH01 _h0907 |
||
| 590 |
_aBATCH-UPD _b10 _c20130914 _lUCH01 _h2036 |
||
| 590 |
_aCONVERSION _b10 _c20130109 _lUCH01 _h1315 |
||
| 650 | 1 | 4 |
_aSuelos de tierras húmedas. _9110545 |
| 650 | 1 | 4 |
_aSuelos _xClasificación. _9110239 |
| 650 | 1 | 4 |
_aSuelos _xCongresos. _9110281 |
| 901 | _aBK | ||
| 942 | _cLIBRO | ||
| 949 |
_a631.44 I5 _bBC _cLIBRO _d33724000071700 _eLIBRO _gI.133036 _h68947 _i31196 _si _t7.26 |
||
| 999 |
_c26123 _d26123 |
||